书目信息 |
| 题名: |
视觉传达设计形式原理
|
|
| 作者: | 李敏 著 | |
| 分册: | ||
| 出版信息: | 北京 中国纺织出版社 2019 |
|
| 页数: | 207页 | |
| 开本: | 23cm | |
| 丛书名: | ||
| 单 册: | ||
| 中图分类: | J062 | |
| 科图分类: | ||
| 主题词: | 视觉设计--shi jue she ji | |
| 电子资源: | ||
| ISBN: | 978-7-5180-4635-5 | |
| 000 | 01174nam0 2200277 450 | |
| 001 | 012001006441 | |
| 005 | 20131016154457.0 | |
| 010 | @a978-7-5180-4635-5@dCNY72.00 | |
| 099 | @aCAL 012018141630 | |
| 100 | @a20181011d2019 em y0chiy50 ea | |
| 101 | 0 | @achi |
| 102 | @aCN@b110000 | |
| 105 | @aa a 000yy | |
| 106 | @ar | |
| 200 | 1 | @a视觉传达设计形式原理@Ashi jue chuan da she ji xing shi yuan li@f李敏著 |
| 210 | @a北京@c中国纺织出版社@d2019 | |
| 215 | @a207页@c图@d23cm | |
| 320 | @a有书目 (第206-207页) | |
| 330 | @a本书的宗旨是对视觉传达设计形式分析研究,书中的内容包括视觉传达设计的概念与发展历史、视觉传达设计的设计原则与设计要素、基本视觉元素设计 (图形设计、文字设计、色彩设计、版式设计) 视觉传达设计的实际应用 (标记设计、包装设计、广告设计、插画设计、书籍设计) 以及视觉传达设计的创新等。全书理论结合实际,形象深刻地向读者诠释了视觉传达设计的理念,方便读者更直观、全面地了解这一设计领域。 | |
| 333 | @a视觉设计研究人员及相关读者。 | |
| 606 | 0 | @a视觉设计@Ashi jue she ji |
| 610 | 0 | @a视觉传达设计@Ashi jue chuan da she ji |
| 690 | @aJ062@v5 | |
| 701 | 0 | @a李敏@Ali min@4著 |
| 801 | 0 | @aCN@b上海新华@c20191020 |
| 905 | @b1099609-11@dJ062@e463@f3 | |
| 视觉传达设计形式原理/李敏著.-北京:中国纺织出版社,2019 |
| 207页:图;23cm |
| 使用对象:视觉设计研究人员及相关读者。 |
| ISBN 978-7-5180-4635-5:CNY72.00 |
| 本书的宗旨是对视觉传达设计形式分析研究,书中的内容包括视觉传达设计的概念与发展历史、视觉传达设计的设计原则与设计要素、基本视觉元素设计 (图形设计、文字设计、色彩设计、版式设计) 视觉传达设计的实际应用 (标记设计、包装设计、广告设计、插画设计、书籍设计) 以及视觉传达设计的创新等。全书理论结合实际,形象深刻地向读者诠释了视觉传达设计的理念,方便读者更直观、全面地了解这一设计领域。 |
| ● |
| 相关链接 |
|
|
|
|
正题名:视觉传达设计形式原理
索取号:J062/463
 
预约/预借
| 序号 | 登录号 | 条形码 | 馆藏地/架位号 | 状态 | 备注 |
| 1 | 1099609 | 210996092 | 第一样本阅览室/ [索取号:J062/463] | 在馆 | |
| 2 | 1099610 | 210996109 | 第一借阅区/ [索取号:J062/463] | 在馆 | |
| 3 | 1099611 | 210996118 | 第一借阅区/ [索取号:J062/463] | 在馆 |